000 01015cam a22003251 4500
999 _c533994
_d533994
001 3581902
003 Nust
005 20200127122547.0
008 751021s1944 pau 000 1 eng
010 _a 44004960
020 _a0007136803
020 _a9780007136803
_cRs. 200
038 _aMSOHAIL
040 _aDLC
_cWa
_dDLC
050 0 0 _aPZ3.C4637
_bTo
_aPR6005.H66
082 0 0 _a823.912
_bCHR
100 1 _aChristie, Agatha,
_d1890-1976.
_92976
245 1 0 _aTowards zero.
260 _aPhiladelphia,
_bBlakiston Co.; distributed by Dodd, Mead, New York,
_c1944.
300 _a301 p.
_c20 cm.
500 _aAt head of title: Agatha Christie.
500 _aMap on lining-papers.
500 _a"A Red badge mystery."
650 0 _aBattle, Superintendent (Fictitious character)
_vFiction.
_911889
650 0 _aPolice
_zEngland
_vFiction.
_911890
655 7 _aDetective and mystery stories.
_2gsafd
_92977
906 _a7
_bcbc
_corignew
_du
_eocip
_f19
_gy-gencatlg
942 _2ddc
_cBK